00000000nam 2200000zi 4500
0019.954997
003CaOODSP
00520250909143005
006m     o  d f      
007cr cn|||||||||
008250909e20241021onca    ob   f000 0 eng d
040 |aCaOODSP|beng|erda|cCaOODSP
043 |an-cn---
0861 |aRv55-8/17-2-1-2024E-PDF
24500|aAdjusting commercial accounting declarations.
250 |a[October 21, 2024 edition].
264 1|aOttawa : |bCanada Border Services Agency = Agence des services frontaliers du Canada, |cOctober 21, 2024.
300 |a1 online resource (37 pages) : |billustrations.
336 |atext|btxt|2rdacontent
337 |acomputer|bc|2rdamedia
338 |aonline resource|bcr|2rdacarrier
4901 |aMemorandum, |x2369-2391 ; |vD17-2-1
500 |aCaption title.
500 |aIssued also in French under title: Rajustement des déclarations en détail commerciales.
500 |a"Superseded D memoranda D17-2-1, The Coding, Submission and Processing of Form B2 Canada Customs Adjustment Request, May 3, 2017."
504 |aIncludes bibliographical references (pages 36-37).
520 |a"This memorandum outlines the policy and procedures for submitting an adjustment for commercial goods accounted for on a Commercial Accounting Declaration (CAD) or on a Form E14, CBSA Postal Import Form"--Page [1].
650 0|aCustoms administration|zCanada.
650 0|aImports|xEconomic aspects|zCanada.
650 0|aTariff |vTerminology and classification.
7102 |aCanada Border Services Agency, |eissuing body.
77508|tRajustement des déclarations en détail commerciales.|w(CaOODSP)9.954999
795 |tThe coding, submission and processing of Form B2, Canada Customs Adjustment Request |b[May 3, 2017 edition]|w(CaOODSP)9.837753
830#0|aMemorandum (Canada Border Services Agency)|x2369-2391 ; |vD17-2-1.|w(CaOODSP)9.816825
85640|qPDF|s835 KB|uhttps://publications.gc.ca/collections/collection_2025/asfc-cbsa/Rv55-8-17-2-1-2024-eng.pdf